Lil Uzi Vert Fan quiz - Statistics

General Stats
  • This quiz has been taken 4,097 times
  • The average score is 6 of 11
Answer Stats
Hint Answer % Correct
His real Name Symere Woods
89%
His breakout mixtape Luv is rage
82%
His Best friend Playboi Carti
65%
His home town Philadelphia
62%
Mixtape that features "You Was Right Lil Uzi Vert vs The World
58%
Mixtape that features Money Mitch The Perfect LUV Tape
58%
His song with NAV Wanted You
56%
His Ex girlfriend Brittany Byrd
44%
His first Album Luv is rage 2
44%
His collab album with Gucci Mane 1017 vs the world
43%
His highest charting song Xo tour llif3
40%
No matching quizzes found
Score Distribution
Percent of People with Each Score
Percentile by Number Answered
Your Score History
You have not taken this quiz